000 00546nam a22001697a 4500
005 20150408164817.0
010 _aBAC-EN21
020 _a9788175349346
_c250.00
035 _aB-591850-873
037 _bUBH/Ven
_adpl
082 _a346.54016
245 _aUniversal's marriage & divorce laws/
260 _aNew Delhi
_bUniversal Law Publishing
_c2014
300 _axxvi, 263p.
_c24cm. (pbk)
942 _2ddc
_cEN
_h346.54016
_mUNI
999 _c89311
_d89311